| 000 | 01145nam2a22002291 4500 | ||
|---|---|---|---|
| 001 | rc\4792113 | ||
| 005 | 20250612215416.0 | ||
| 035 | _a(NLR Aleph) 008866910 | ||
| 090 |
_a8496711 _c8496711 |
||
| 100 | _a20130426d1960 |||y0rusy50 ca | ||
| 101 | 0 | _arus | |
| 102 | _aRU | ||
| 105 | _aa z ||||| | ||
| 200 | 0 | _aВып. 2 | |
| 210 |
_d1960 _aБ. м. |
||
| 215 |
_a230 с. _cил. |
||
| 461 | 0 |
_1001rc\4792112 _12001#$aСредства механизации судоремонтных работ$eКаталог-справочник$eВып. 2-$fСССР. М-во мор. флота. Техн. упр. Центр. проектно-конструкторское бюро № 2 (ЦПКБ-2)$vВып. 2 _98496707 _cМосква _d1960 _fСССР. М-во мор. флота. Техн. упр. Центр. проектно-конструкторское бюро № 2 (ЦПКБ-2) _nБ. и. _oКаталог-справочник : Вып. 2- _tСредства механизации судоремонтных работ _vВып. 2 |
|
| 801 | 0 |
_aRU _bNLR _gpsbo |
|
| 801 | 1 |
_aRU _bELAR _2rusmarc |
|
| 852 |
_aNLR _jПт 90.1/86-2 |
||
| 942 | _cBOOK | ||
| 980 | _aNB | ||